| 000 | 01532cam a22003371i 4500 | ||
|---|---|---|---|
| 003 | SA-RiAUC | ||
| 005 | 20241211150734.0 | ||
| 008 | 241211s1992 ua g b 00000 ara c | ||
| 020 | _a9770036186 | ||
| 040 |
_aSA-MaUQU _bara _cSA-RiAUC _erda |
||
| 050 | 4 | _bM8 1992 | |
| 082 | 0 | 4 |
_a910.41 _qSA-RiAUC |
| 090 |
_a910.41 _b م ص ط |
||
| 100 | 1 |
_aمصطفى، أحمد أمين _eمؤلف. |
|
| 245 | 1 | 2 |
_aالحياة في القرن الثامن الهجري كما تصورها رحلة ابن بطوطة / _cأحمد أمين مصطفى. |
| 250 | _aالطبعة الأولى. | ||
| 264 | 1 |
_a[مكان النشر غير محدد] : _b[الناشر غير محدد]، _c1992 |
|
| 264 | 3 |
_aالقاهرة : _bمطبعة السعادة |
|
| 300 |
_a288 صفحة ؛ _c24 سم. |
||
| 336 |
_aنص _btxt _2rdacontent _3كتاب |
||
| 337 |
_aبدون وسيط _bn _2rdamedia |
||
| 338 |
_aمجلد _bnc _2rdacarrier |
||
| 490 | 0 | _aمن أدب الرحلات | |
| 504 | _aببليوجرافية : صفحة 281-284. | ||
| 600 | 1 | 7 |
_aبن بطوطة، محمد بن عبد الله بن محمد، _d703-779 هجري _2aucnm |
| 650 | 7 |
_aالرحلات _2aucsh |
|
| 700 | 1 | 2 |
_iشرح لـ (عمل) : _aبن بطوطة، محمد بن عبد الله بن محمد، _d703-779 هجري. _tرحلة ابن بطوطة، المسماة، تحفة النظار في غرائب الأمصار وعجائب الأسفار. |
| 942 |
_2ddc _cBOOK _n0 |
||
| 949 |
_aSA-JeALM _d241211 _umohamedma123 _n1 |
||
| 999 |
_c3360 _d3360 |
||